000 01264nam a2200253Ia 4500
003 Ost
005 20260416102350.0
008 260416s9999||||xx |||||||||||||| ||und||
040 _cfsecg
041 _aara
082 _a658.57
100 _aخليد، علي
_eمؤلف
245 0 _aبحوث العمليات :
_bنماذج التحليل الشبكي /
_c علي خليد
260 _aالجزائر
_bجامعة الجزائر3: كلية العلوم الإقتصادية، العلوم التجارية وعلوم التسيير
_c2007
300 _a107 ورقة
_bايضاحات
_c30 سم
504 _aمراجع ص.107
520 _aطريقة تقييم ومراجعة المشروعات والمسار الحرج PERT/CPM ، نظرية الاحتمالات وطريقة PERT،اعتبار التكلفة في دراسة وتقييم المشاريع ، المسارات ذات القيمة المثلى
653 _aالاحتمالات
653 _aبحوث العمليات
653 _aتدقيق الحسابات
653 _aتقييم الاداء
710 _aجامعة الجزائر3: كلية العلوم الإقتصادية، العلوم التجارية وعلوم التسيير
_eناشر علمي
942 _cHANDOUT
999 _c40952
_d40952